top 20 box office france 2010 - Statistiques

Statistiques générales
  • Ce quiz a été pris 6 fois
  • Le résultat moyen est 3 sur 20
Statistiques - réponses
place film % Correct
3 Inception
67%
5 Alice au pays des merveilles
50%
20 Iron man 2
33%
4 Shrek 4 : Il était une fin
33%
6 Toy Story 3
33%
1 Harry Potter et les reliques de la mort partie 1
17%
2 Les petits mouchoirs
17%
7 Raiponce
17%
14 Shutter island
17%
13 Arthur 3 :La guerre des deux mondes
0%
8 Camping 2
0%
12 Des hommes et des dieux
0%
15 Invictus
0%
10 La princesse et la Grenouille
0%
19 La rafle
0%
11 L'arnacoeur
0%
17 Le monde de Narnia : L'Odyssée du Passeur d'Aurore
0%
16 Moi, moche et méchant
0%
18 Océans
0%
9 Twilight Chapitre III : Hésitation
0%
Aucun quiz correspondant
Distribution des résultats
% des personnes avec chaque résultat
Percentile par nombre de réponses
Votre historique - résultats
Vous n’avez pas pris ce quiz